Cyberlaw,E-commerce & M-commerce / (Record no. 126587)

MARC details
000 -LEADER
fixed length control field 00685nam a22002297a 4500
005 - DATE AND TIME OF LATEST TRANSACTION
control field 20181218121838.0
010 ## - LCCN (DPL NO)
LC control number B-091403
020 ## - INTERNATIONAL STANDARD BOOK NUMBER
Terms of availability 00.00
International Standard Book Number 8176483834
035 ## - SYSTEM CONTROL NUMBER
System control number B-091403
037 ## - SOURCE OF ACQUISITION
Source of stock number/acquisition Cen Lib/Ret
082 ## - DEWEY DECIMAL CLASSIFICATION NUMBER
Classification number 343.0999
Item number TAB
100 ## - MAIN ENTRY--PERSONAL NAME
Personal name Tabrez Ahmad
245 ## - TITLE STATEMENT
Title Cyberlaw,E-commerce & M-commerce /
Statement of responsibility, etc by Tabrez Ahmad
260 ## - PUBLICATION, DISTRIBUTION, ETC. (IMPRINT)
Place of publication, distribution, etc New Delhi
Name of publisher, distributor, etc A.P.H.Publishing Corporation
Date of publication, distribution, etc 2003
270 ## - ADDRESS
Address 5, Ansari Road, Daryaganj
City New Delhi
Postal code 110002
300 ## - PHYSICAL DESCRIPTION
Extent x,425p.
Dimensions 20cm(Hb)
500 ## - GENERAL NOTE
General note Includes bibliographical refrences and index
650 ## - SUBJECT ADDED ENTRY--TOPICAL TERM
Topical term or geographic name as entry element Electronic Commerce
650 ## - SUBJECT ADDED ENTRY--TOPICAL TERM
Topical term or geographic name as entry element Cyber law.
942 ## - ADDED ENTRY ELEMENTS (KOHA)
Source of classification or shelving scheme Dewey Decimal Classification
Item type English Books
Classification part 343.0999
Call number suffix TAB
Holdings
Withdrawn status Lost status Not for loan Home library Current library Date acquired Source of acquisition Cost, normal purchase price Full call number Barcode Copy number Cost, replacement price Koha item type
      Central Library Central Library 25/06/2015 Cen Lib/Ret 0.00 343.0999 TAB B-091403 1 0.00 English Books

© Delhi Public Library
Hit Counter
free hit counter